Bombas centrífugas, su funcionamiento, construcción y cálculo /
Guardado en:
| Autor Principal: | |
|---|---|
| Formato: | Libro |
| Idioma: | Spanish |
| Publicado: |
Barcelona :
Labor,
1951.
|
| Etiquetas: |
Agregar Etiqueta
Sin Etiquetas, Sea el primero en etiquetar este registro!
|
| LEADER | 00461nam a22001455a 4500 | ||
|---|---|---|---|
| 001 | EUN.um033255 | ||
| 003 | AR-BaUNS | ||
| 005 | 20050623122907.0 | ||
| 008 | 041125s1951####sp#a##########000#0#spa#d | ||
| 245 | 1 | 0 | |a Bombas centrífugas, su funcionamiento, construcción y cálculo / |c L. Quantz. |
| 260 | |a Barcelona : |b Labor, |c 1951. | ||
| 300 | |a 161 p. : |b ilus. ; |c 21 cm. | ||
| 100 | 1 | |a Quantz, L. | |
| 082 | 0 | 4 | |a 621.6 |
| 859 | |a Ar-BaUNS |b BIB. CENTRAL - Sector A |h 621.6 |i Q25 |p 1191/948 |t Ej.2 | ||
